Statistiken für Länder in zufälligen Hexagonen der Weltkarte

Klicken Sie hier um das Quiz zu spielen!

Allgemein

  • Dieses Quiz wurde 23.190 mal gespielt
  • Das Durchschnittsergebnis liegt bei 16 aus 20

Antworten auf der Karte

Die Antworten werden auf der Karte rot bzw. grün angezeigt, abhängig davon wie oft sie richtig erraten wurden.
 

Antwortstatistiken

Länder% Korrekt
Kanada | Vereinigte Staaten
98%
Kanada | Vereinigte Staaten
97%
Kanada | Vereinigte Staaten
97%
Kanada | Vereinigte Staaten
97%
Bosnien und Herzegowina | Deutschland | Italien | Kroatien | Lettland | Litauen | Moldawien | Österreich | Polen | Rumänien | Russland | Schweden | Serbien | Slowakei | Slowenien | Tschechien | Ukraine | Ungarn | Weißrussland
96%
Kanada | Vereinigte Staaten
96%
Mexiko | Vereinigte Staaten
96%
Estland | Finnland | Lettland | Norwegen | Russland | Schweden
95%
Kanada
95%
Kanada
95%
Kanada | Vereinigte Staaten
95%
Kanada | Vereinigte Staaten
95%
Mexiko | Vereinigte Staaten
95%
Andorra | Belgien | Deutschland | Frankreich | Italien | Liechtenstein | Luxemburg | Monaco | Österreich | San Marino | Schweiz | Spanien | Vatikanstadt | Vereinigtes Königreich
94%
Finnland | Norwegen | Russland
94%
Bahamas | Belize | Guatemala | Jamaika | Kuba | Mexiko | Vereinigte Staaten
93%
Kanada
93%
Kanada
93%
Vereinigte Staaten
93%
Belgien | Dänemark | Deutschland | Niederlande | Norwegen | Schweden | Vereinigtes Königreich
92%
Belize | Costa Rica | El Salvador | Guatemala | Honduras | Kolumbien | Mexiko | Nicaragua | Panama | Venezuela
92%
Dänemark | Kanada
92%
Kanada
92%
Mexiko | Vereinigte Staaten
92%
Argentinien | Bolivien | Brasilien | Chile | Paraguay | Peru
91%
Armenien | Aserbaidschan | Bulgarien | Georgien | Iran | Moldawien | Rumänien | Russland | Türkei | Ukraine
91%
Brasilien | Frankreich | Suriname
91%
China | Kasachstan | Mongolei | Russland
91%
China | Mongolei | Russland
91%
Dänemark | Island
91%
Estland | Finnland | Lettland | Russland | Ukraine | Weißrussland
91%
Guatemala | Mexiko
91%
Kasachstan | Russland
91%
Russland
91%
Russland
91%
Russland
91%
Kanada
90%
Kanada
90%
Russland
90%
Russland
90%
Russland
90%
Brasilien | Guyana | Kolumbien | Peru | Suriname | Trinidad und Tobago | Venezuela
89%
China | Japan | Nordkorea | Russland | Südkorea
89%
China | Japan | Russland
89%
China | Mongolei | Russland
89%
Kanada
89%
Afghanistan | Armenien | Aserbaidschan | Georgien | Irak | Iran | Kasachstan | Russland | Türkei | Turkmenistan | Usbekistan
88%
Ägypten | Albanien | Bosnien und Herzegowina | Bulgarien | Griechenland | Italien | Kosovo | Kroatien | Libyen | Malta | Montenegro | Nordmazedonien | Rumänien | Serbien | Tunesien | Türkei
88%
Antigua und Barbuda | Bahamas | Barbados | Dominica | Dominikanische Republik | Frankreich | Grenada | Haiti | Jamaika | Kolumbien | Kuba | Niederlande | St. Kitts und Nevis | St. Lucia | St. Vincent und die Grenadinen | Trinidad und Tobago | Venezuela | Vereinigte Staaten
88%
Argentinien | Chile | Uruguay
88%
Bolivien | Brasilien | Kolumbien | Peru
88%
Kasachstan | Russland | Usbekistan
88%
Mongolei | Russland
88%
Russland
88%
Russland
88%
Russland
87%
Russland
87%
Dänemark
86%
Marokko | Portugal | Spanien
86%
Russland
86%
Russland
86%
Ägypten | Algerien | Libyen | Niger | Sudan | Tschad
85%
Algerien | Mali | Marokko | Mauretanien | Spanien
85%
Bolivien | Brasilien
85%
Brasilien
85%
Russland
85%
Russland
85%
Algerien | Libyen | Marokko | Spanien | Tunesien
84%
Argentinien | Brasilien | Paraguay | Uruguay
84%
Botswana | Lesotho | Namibia | Südafrika
84%
Vereinigte Staaten
84%
Ägypten | Irak | Iran | Israel | Jordanien | Kuwait | Libanon | Saudi-Arabien | Syrien | Türkei | Zypern
83%
Bangladesch | Bhutan | Birma | China | Indien | Nepal
83%
Indien | Pakistan
83%
Argentinien | Chile | Vereinigtes Königreich
82%
Afghanistan | China | Indien | Iran | Nepal | Pakistan | Tadschikistan | Turkmenistan | Usbekistan
81%
Ägypten | Äthiopien | Dschibuti | Eritrea | Jemen | Saudi-Arabien | Somalia | Sudan | Südsudan
81%
Dänemark
81%
Irland | Vereinigtes Königreich
81%
Birma | China | Kambodscha | Laos | Thailand | Vietnam
80%
Algerien | Benin | Burkina Faso | Ghana | Mali | Mauretanien | Niger | Nigeria | Togo
79%
Australien
79%
Australien | Indonesien | Osttimor
79%
China | Mongolei
79%
Dänemark
79%
Australien
78%
Australien
78%
Äquatorial-Guinea | Benin | Burkina Faso | Elfenbeinküste | Gabun | Ghana | Kamerun | Liberia | Nigeria | São Tomé und Príncipe | Togo
77%
Australien | Indonesien | Papua-Neuguinea
77%
China | Philippinen | Taiwan
77%
Ecuador | Kolumbien | Peru
77%
Afghanistan | China | Kasachstan | Kirgisistan | Tadschikistan | Turkmenistan | Usbekistan
76%
Dänemark
76%
Demokratische Republik Kongo | Kamerun | Niger | Nigeria | Sudan | Südsudan | Tschad | Zentralafrikanische Republik
76%
Afghanistan | Bahrain | Iran | Jemen | Katar | Kuwait | Oman | Pakistan | Saudi-Arabien | Vereinigte Arabische Emirate
75%
Australien
75%
Birma | China
75%
Botswana | Madagaskar | Malawi | Mosambik | Simbabwe | Südafrika | Swasiland
75%
Burkina Faso | Elfenbeinküste | Gambia | Guinea | Guinea-Bissau | Kap Verde | Liberia | Mali | Mauretanien | Senegal | Sierra Leone
75%
Vereinigte Staaten
75%
Australien
74%
Brasilien | Frankreich | Suriname
74%
Angola | Burundi | Demokratische Republik Kongo | Gabun | Kamerun | Republik Kongo | Ruanda | Tansania | Uganda | Zentralafrikanische Republik
73%
Äthiopien | Demokratische Republik Kongo | Kenia | Somalia | Sudan | Südsudan | Tansania | Uganda
73%
Angola | Botswana | Demokratische Republik Kongo | Mosambik | Namibia | Sambia | Simbabwe
72%
Japan
72%
Demokratische Republik Kongo | Frankreich | Kenia | Komoren | Malawi | Mosambik | Sambia | Tansania
70%
Äthiopien | Jemen | Oman | Somalia
69%
Australien
69%
Brunei | Indonesien | Kambodscha | Malaysia | Singapur | Thailand | Vietnam
69%
Australien | Neuseeland
68%
Brasilien
68%
Birma | Indien | Indonesien | Sri Lanka | Thailand
67%
Frankreich | Madagaskar | Mauritius
67%
Peru
63%
Chile
62%
Indonesien
62%
Indien | Malediven | Sri Lanka
61%
Australien
58%
Indonesien | Osttimor
58%
Neuseeland
58%
Neuseeland
58%
Malaysia | Palau | Philippinen
56%
Föderierte Staaten von Mikronesien | Indonesien | Palau
48%
Kap Verde
48%
Fidschi | Kiribati | Salomonen | Tuvalu | Vanuatu
42%
Fidschi | Frankreich | Tonga | Vanuatu
40%
Kiribati
37%
Föderierte Staaten von Mikronesien | Nauru | Papua-Neuguinea | Salomonen
36%
Seychellen
36%
Föderierte Staaten von Mikronesien | Marshallinseln
33%
Portugal
33%
Frankreich | Salomonen | Vanuatu
31%
Kiribati | Marshallinseln
31%
Kiribati
29%
Angola
27%
Marshallinseln
17%

Verteilung der Resultate

Perzentil nach korrekt beantworteten Fragen

Anzahl Personen mit jedem Resultat

Ihre Resultats-Entwicklung

Sie haben dieses Quiz noch nicht gespielt